000 00890nam a2200241 a 4500
001 41157
003 BD-RjUL
005 20211209053335.0
008 160516s2000 bg ||||| |||| 00| 0 ben d
020 _a9844015502
_c: Tk. 600.00
035 _a(BD-RjUL)41273
040 _aBD-RjUL
_bben
_cBD-RjUL
_dBD-RjUL
041 _aben
082 _223
_a891.44109
_bISK 2000
100 _aইসলাম, মযহারুল
_9126598
245 1 0 _aকবি হেয়াত মামুদ /
_cমযহারুল ইসলাম
250 _a২য় সং.
260 _aঢাকা :
_bআগামী প্রকাশনী,
_c২০০০
300 _a৬৮৩ পৃ. ;
_c২৩ সেমি.
650 _aবাংলা কবিতা
_xইতিহাস ও সমালোচনা
_9126599
650 _aBengali Poetry
_xHistory and Criticism
_9126600
942 _2ddc
_cBK
999 _c41157
_d41157